Dominująca religia - Statystyki

Ogólne statystyki
  • Ten quiz został rozwiązany 229 razy
  • Średni wynik to 15 z 24
Statystyki odpowiedzi
Obrazkowy Odpowiedź % Poprawnych
islam
98%
katolicyzm
88%
islam
83%
islam
82%
prawosławie
82%
katolicyzm
78%
katolicyzm
75%
prawosławie
75%
prawosławie
72%
islam
67%
hinduizm
65%
islam
65%
judaizm
65%
prawosławie
65%
buddyzm
64%
anglikanizm
61%
buddyzm
58%
prawosławie
58%
katolicyzm
55%
protestantyzm
46%
katolicyzm
44%
protestantyzm
35%
luteranizm
33%
czondoizm
8%
Nie znaleziono quizów pasujących do podanych kryteriów
Rozkład punktacji
Procent ludzi z każdym wynikiem
Percentyl według liczby udzielonych odpowiedzi
Twoja historia wyników
Nie rozwiązałeś tego quizu